000 00786nam a2200205 i 4500
001 62280
003 ES-MaACL
005 20231227200019.0
007 t|
008 031119s1941 sp ||||1| spa d
100 1 _aFeinberg, Samuel M.
_949120
245 1 3 _aLa alergia en la práctica general /
_cpor Samuel M. Feinberg ; traducido del inglés por Juan Guijosa Pernús ; prólogo por Carlos Jiménez-Díaz ; apéndice de Baldomero Sánchez Cuenca.
260 _aMadrid :
_b[s.n.],
_c1941 (
_fTalleres Espasa Calpe)
300 _aXVII, 344 p., 1 lám. ;
_c25 cm.
700 1 _aGuijosa Pernús, Juan.
_960682
700 1 _aJiménez Díaz, Carlos,
_d1898-1967
_966515
700 1 _aSánchez Cuenca, Baldomero.
_9102562
852 _aES-MaACL
_jE-789
_bR.18857
999 _c62280
_d62280